Creative Industries and Their Economic Value vědecká monografie

Enregistré dans:
Détails bibliographiques
Auteur principal: Kmety Barteková, Mária, 1992-
Autres auteurs: Šlahor, Ľudomír, Grisáková, Nora, 1978-
Format: Livre
Langue:anglais
Publié: České Budějovice Vysoká škola evropských a regionálních studií 2021
Édition:1st Editon
Sujets:
Tags: Ajouter un tag
Pas de tags, Soyez le premier à ajouter un tag!

MARC

LEADER 00000nam a2200000 4500
001 0280847
005 20240502083858.8
020 |a 978-80-7556-098-8 
041 0 |a eng 
044 |a CZ 
245 1 0 |a Creative Industries and Their Economic Value  |b vědecká monografie  |c Mária Kmety Barteková ; Reviewers: Ľudomír Šlahor, Nora Grisáková 
250 |a 1st Editon 
264 1 |a České Budějovice  |b Vysoká škola evropských a regionálních studií  |c 2021 
300 |a 57 s. [3,58 AH] 
610 2 0 |a priemysel kreatívny 
610 2 0 |a hodnota pridaná ekonomická 
610 2 0 |a vláda 
610 2 0 |a pomoc štátna 
610 2 0 |a sponzorovanie 
610 2 0 |a Slovensko 
100 1 |a Kmety Barteková, Mária, 1992- 
700 1 |a Šlahor, Ľudomír 
700 1 |a Grisáková, Nora, 1978-